[Event "LSS BI-2010-P-00008"]
[Site "LSS email"]
[Date "2010.04.19"]
[Round "?"]
[White "Suarez, Rolando"]
[Black "Sanga, Alberto"]
[Result "1/2-1/2"]
[WhiteElo "1816"]
[BlackElo "2013"]
[PlyCount "78"]
[EventDate "2010.04.22"]
[EventType "tourn (corr)"]
[EventRounds "10"]
[EventCountry "GER"]
[SourceTitle "Telechess CBM 141"]
[Source "ChessBase"]
[SourceDate "2011.03.17"]
[SourceVersion "1"]
[SourceVersionDate "2011.03.17"]
[SourceQuality "1"]

1. d4 Nf6 2. c4 g6 3. Nc3 Bg7 4. e4 d6 5. f3 0-0 6. Be3 Nbd7 7. Nge2 c5 8. Qd2 a6 9. Rd1 Qa5 10. Nc1 cxd4 11. Bxd4 Ne5 12. Nb3 Qc7 13. Rc1 Qd8 14. Be2 Be6 15. Nd5 b5 16. Na5 bxc4 17. Bxe5 Bxd5 18. exd5 dxe5 19. Nc6 Qd6 20. Bxc4 Rfc8 21. Ke2 e6 22. Rhd1 e4 23. f4 Ng4 24. Bb3 e3 25. Qd3 e5 26. Qe4 Nf2 27. fxe5 Qxc6 28. dxc6 Nxe4 29. Kxe3 Ng5 30. h4 Ne6 31. Ke4 Rab8 32. Bxe6 fxe6 33. c7 Rb4+ 34. Kf3 Rf8+ 35. Ke2 Rxb2+ 36. Kd3 Rc8 37. Ke4 Rf2 38. Rd8+ Rf8 39. Rd7 Rf7 1/2-1/2

[Event "LSS SA-2010-0-00125"]
[Site "LSS email"]
[Date "2010.04.02"]
[Round "?"]
[White "Szabo, Mihaly"]
[Black "Sanga, Alberto"]
[Result "1-0"]
[WhiteElo "2108"]
[BlackElo "2028"]
[PlyCount "79"]
[EventDate "2010.03.04"]
[EventType "tourn (corr)"]
[EventRounds "6"]
[EventCountry "GER"]
[SourceTitle "Telechess CBM 145"]
[Source "Chessbase"]
[SourceDate "2011.11.11"]
[SourceVersion "1"]
[SourceVersionDate "2011.11.11"]
[SourceQuality "1"]

1. e4 c5 2. Nf3 d6 3. Bc4 Nf6 4. Nc3 Nc6 5. d3 g6 6. 0-0 Bg7 7. h3 0-0 8. Bg5 a6 9. Be3 b5 10. Bb3 Bb7 11. a3 Nd7 12. Qd2 Nd4 13. Bxd4 cxd4 14. Ne2 Qb6 15. h4 Nc5 16. Ba2 d5 17. Bxd5 Bxd5 18. exd5 Rfd8 19. Nf4 Na4 20. Rfe1 Bf6 21. g4 Qd6 22. g5 Bg7 23. Re4 Rac8 24. h5 Qd7 25. Kh2 Nb6 26. h6 Bh8 27. Qe2 Qd6 28. Kg1 Rf8 29. Re1 Na4 30. Nxd4 e6 31. Nc6 Bxb2 32. c4 Bc3 33. Rc1 Qxa3 34. Rc2 e5 35. d4 Rxc6 36. dxc6 exf4 37. cxb5 axb5 38. c7 Qd6 39. Re8 Qxc7 40. Qxb5 1-0

[Event "LSS SA-2010-0-00125"]
[Site "LSS email"]
[Date "2010.04.01"]
[Round "?"]
[White "Sanga, Alberto"]
[Black "Eberth, Zoltan"]
[Result "1/2-1/2"]
[WhiteElo "2033"]
[BlackElo "2145"]
[PlyCount "62"]
[EventDate "2010.03.04"]
[EventType "tourn (corr)"]
[EventRounds "6"]
[EventCountry "GER"]
[SourceTitle "Telechess CBM 141"]
[Source "ChessBase"]
[SourceDate "2011.03.17"]
[SourceVersion "1"]
[SourceVersionDate "2011.03.17"]
[SourceQuality "1"]

1. d4 f5 2. g3 Nf6 3. Bg2 g6 4. Nf3 Bg7 5. 0-0 d6 6. c4 0-0 7. Nc3 Qe8 8. d5 Na6 9. Rb1 c5 10. dxc6 bxc6 11. b4 Bd7 12. Be3 Ng4 13. Bd2 Nc7 14. b5 Rc8 15. Qb3 Ne6 16. h3 Nc5 17. Qb4 Ne5 18. Nxe5 Bxe5 19. Qa5 Qf7 20. Bh6 Qxc4 21. Rfc1 Rfe8 22. Ne4 Qa4 23. Qxa4 Nxa4 24. bxc6 Be6 25. Rb4 Nb6 26. Nc3 Bxc3 27. Rxc3 Bxa2 28. c7 Nd5 29. Bxd5+ Bxd5 30. Ra4 Kf7 31. Ra5 Be6 1/2-1/2

[Event "LSS SA-2010-0-00125"]
[Site "LSS email"]
[Date "2010.04.01"]
[Round "?"]
[White "Sanga, Alberto"]
[Black "Herzog, Klaus"]
[Result "1/2-1/2"]
[WhiteElo "2019"]
[BlackElo "1961"]
[PlyCount "53"]
[EventDate "2010.03.04"]
[EventType "tourn (corr)"]
[EventRounds "6"]
[EventCountry "GER"]
[SourceTitle "Telechess CBM 141"]
[Source "ChessBase"]
[SourceDate "2011.03.17"]
[SourceVersion "1"]
[SourceVersionDate "2011.03.17"]
[SourceQuality "1"]

1. e4 d5 2. exd5 Qxd5 3. Nc3 Qd8 4. d4 Nf6 5. Nf3 a6 6. Bg5 e6 7. Ne4 Be7 8. Nxf6+ Bxf6 9. Bxf6 Qxf6 10. Bd3 c5 11. 0-0 cxd4 12. Be4 Nc6 13. Qd3 Bd7 14. Rad1 0-0-0 15. Rfe1 Rhe8 16. b4 e5 17. b5 axb5 18. Qxb5 Bf5 19. Rb1 Re7 20. Nd2 Rc7 21. Qa4 Bxe4 22. Nxe4 Qe7 23. Rb5 d3 24. cxd3 Nd4 25. Ra5 b5 26. Ra8+ Kd7 27. Rxd8+ 1/2-1/2

[Event "ZH-2010-0-00389"]
[Site "LSS email"]
[Date "2010.01.25"]
[Round "?"]
[White "Sanga, Alberto"]
[Black "Ortiz, Manuel"]
[Result "1/2-1/2"]
[WhiteElo "2020"]
[BlackElo "2268"]
[PlyCount "30"]
[EventDate "2010.01.17"]
[EventType "match (corr)"]
[EventRounds "2"]
[EventCountry "GER"]
[SourceTitle "Corr 2013"]
[Source "ChessBase"]
[SourceDate "2012.11.12"]
[SourceVersion "1"]
[SourceVersionDate "2012.11.12"]
[SourceQuality "1"]

1. d4 e6 2. c4 f5 3. Nc3 Nf6 4. Nf3 Bb4 5. Bg5 0-0 6. e3 h6 7. Bxf6 Qxf6 8. Bd3 c5 9. 0-0 Nc6 10. Be2 b6 11. Na4 cxd4 12. exd4 Rd8 13. a3 Be7 14. b4 Bb7 15. c5 Rab8 1/2-1/2